pays champion du monde handball par année - Statistiques

Statistiques générales
  • Ce quiz a été pris 455 fois
  • Le résultat moyen est 22 sur 28
Statistiques - réponses
année Réponse % Correct
1995 France
100%
2001 France
100%
2009 France
100%
2011 France
100%
2015 France
100%
2017 France
100%
1936 Allemagne
95%
2007 Allemagne
95%
1978 Allemagne de l'Ouest
95%
2019 Danemark
95%
2021 Danemark
95%
2023 Danemark
95%
1954 Suède
94%
1958 Suède
94%
1990 Suède
94%
1999 Suède
94%
2005 Espagne
93%
2013 Espagne
93%
1993 Russie
71%
1997 Russie
71%
2003 Croatie
66%
1982 Union soviétique
51%
1986 Yougoslavie
46%
1961 Roumanie
43%
1964 Roumanie
43%
1970 Roumanie
43%
1974 Roumanie
43%
1967 Tchécoslovaquie
34%
Aucun quiz correspondant
Distribution des résultats
% des personnes avec chaque résultat
Percentile par nombre de réponses
Votre historique - résultats
Vous n’avez pas pris ce quiz